LEADER 01336nam a2200301 u 4500 001 000000041418 003 CaOOAMICUS 005 20070226114219.0 008 990201s1996 stkh u000 u eng u 020 $a0567085252 035 $a10812942 040 $aPUL(R)$bita 245 00$aJewish life and thought among Greeks and Romans :$bprimary reading /$cedited and introduced by Louis H. Feldman and Meyer Reinhold. 260 $aEdinburgh :$bT & T Clark,$cc1996. 300 $axxxix, 436 p. :$bfacs. ;$c24 cm 500 $aIncludes indici. 504 $aBibliografia in nota a pie' pagina. 650 0$aJewish religious literature.$2//eng$0(OLS)http://pul/subject/18703 650 0$aJews$xCivilization.$2//eng$0(OLS)http://pul/subject/18704 700 1 $aReinhold, Meyer,$d1909-$0(OLS)http://pul/name/30506 700 1 $aFeldman, Louis H.,$d1951-$0(OLS)http://pul/name/15986 850 $aPUL 852 $aPUL$W1$xSL Religione 1$y3$m7(1) D 117$j56133$nBK-PRI$b $qStampati$B56133$CPULBib$Z2$F56133 $H $81 941 1 $a8 961 $aINV: 77418 996 $6020$a0567085252$9(OLS)http://pul/number/51692 996 $6245$aJewish life and thought among Greeks and Romans :$bprimary reading$9(OLS)http://pul/title/55927 996 $6260$aEdinburgh :$bT & T Clark$9(OLS)http://pul/publisher/64555 LEADER 01332nam a2200301 a 4500 001 000000125990 003 CaOOAMICUS 005 20110713122933.0 008 110713s2011 it u000 u ita r 020 $a978-88-598-0606-6 040 $aPUL$bita 082 04$a345.45 245 00$aCommentario al "pacchetto sicurezza" :$bl. 15 luglio 2009, n. 94 /$ca cura di Giovannagelo De Francesco ... [et al.]. 260 $aTorino :$bUTET Giuridica,$cİ2011. 300 $aXX, 507 p. ;$c24 cm 490 1 $aLe leggi commentate 504 $aInclude riferimenti bibliografici ed indice. 650 4$aSicurezza pubblica$xLegislazione.$0(OLS)http://pul/subject/37719 700 1 $aDe Francesco, Giovannangelo.$0(OLS)http://pul/name/69479 830 3$aLe leggi commentate (UTET).$0(OLS)http://pul/title/65517 850 $aPUL 852 $aPUL$W1$xSL Diritto e Scienze Sociali 3$y79$m345. 45 DEFGI 2$j145173$qDDC 21$B144171$CPULBib$Z2$F144171 $H117697 $82 941 1 $a9 996 $6020$a978-88-598-0606-6$9(OLS)http://pul/number/147746 996 $6082$a345.45$9(OLS)http://pul/classification/371 996 $6245$aCommentario al "pacchetto sicurezza" :$bl. 15 luglio 2009, n. 94$9(OLS)http://pul/title/159040 996 $6260$aTorino :$bUTET Giuridica$9(OLS)http://pul/publisher/79191